logo

Bir Sreshtho Munshi Abdur Rouf Library
Jhenaidah Cadet College

Teaching English as a foreign language / (Record no. 6509)

MARC details
000 -LEADER
fixed length control field 00730nam a22002412i 4500
001 - CONTROL NUMBER
JCCL Control Number 6509
003 - CONTROL NUMBER IDENTIFIER
JCCL marc code BD-JhCC
005 - DATE AND TIME OF LATEST TRANSACTION
control field 20180124171213.0
008 - FIXED-LENGTH DATA ELEMENTS--GENERAL INFORMATION
fixed length control field 860101r19571966enk b 000 0 eng d
035 ## - SYSTEM CONTROL NUMBER
system control number (BD-JhCC)6509
040 ## - CATALOGING SOURCE
Original cataloging agency EYW
Transcribing agency EYW
Modifying agency UKM
-- EQO
-- BD-JhCC
041 ## - LANGUAGE CODE
Language code of Book eng
082 ## - DEWEY DECIMAL CLASSIFICATION NUMBER
Classification number 428.24071
DDC Edition number 18
Author mark and Year GAU 1966
090 ## - LOCALLY ASSIGNED LC-TYPE CALL NUMBER (OCLC); LOCAL CALL NUMBER (OCLC)
Classification number (OCLC) (R) ; Classification number, CALL (RLIN) (NR) PE1128.A2
Local cutter number (OCLC) ; Book number/undivided call number, CALL (RLIN) G3
100 1# - MAIN ENTRY--PERSONAL NAME
Personal name Gauntlett, John Owen.
245 10 - TITLE STATEMENT
Title Teaching English as a foreign language /
Statement of responsibility, etc J. O. Gauntlett
260 ## - PUBLICATION, DISTRIBUTION, ETC. (IMPRINT)
Place of publication, distribution, etc London :
Name of publisher, distributor, etc Macmillan ;
Place of publication, distribution, etc New York :
Name of publisher, distributor, etc St Martin's Press,
Date of publication, distribution, etc 1957
300 ## - PHYSICAL DESCRIPTION
Pagination xi, 124 p. ;
Dimensions 19 cm.
504 ## - BIBLIOGRAPHY, ETC. NOTE
Bibliography, etc Selected bibliography: p. [122]-124
650 #0 - SUBJECT ADDED ENTRY--TOPICAL TERM
Topical term or geographic name as entry element English language
General subdivision Study and teaching
-- Foreign speakers
942 ## - ADDED ENTRY ELEMENTS (KOHA)
Source of classification or shelving scheme Dewey Decimal Classification
Koha item type Books
Holdings
Source of classification or shelving scheme Damaged status Not for loan Home library Current library Shelving location Date of accession Total Checkouts Full call number Barcode Date last seen Copy number Koha item type
Dewey Decimal Classification     JCC Rouf Library JCC Rouf Library General Stacks 01/24/2018   428.24071 GAU 1966 8912 01/24/2018 C-1 Books

JCC Library | Contacts | JCC Home

Last Update on 23 September 2017
Copyright @ 2017-2020 JCC Rouf Library
Rouf Library, Jhenidah Cadet College (JCC), Bangladesh